<?xml version="1.0" encoding="UTF-8"?>
<record
    xmlns:xsi="http://www.w3.org/2001/XMLSchema-instance"
    xsi:schemaLocation="http://www.loc.gov/MARC21/slim http://www.loc.gov/standards/marcxml/schema/MARC21slim.xsd"
    xmlns="http://www.loc.gov/MARC21/slim">

  <leader>01428nam a22001577a 4500</leader>
  <datafield tag="999" ind1=" " ind2=" ">
    <subfield code="c">521110</subfield>
    <subfield code="d">521110</subfield>
  </datafield>
  <controlfield tag="008">221215b           ||||| |||| 00| 0 eng d</controlfield>
  <datafield tag="100" ind1=" " ind2=" ">
    <subfield code="a">He, Qinghua et al  </subfield>
    <subfield code="9">36245</subfield>
  </datafield>
  <datafield tag="245" ind1=" " ind2=" ">
    <subfield code="a">The dark side of environmental sustainability in projects: Unraveling greenwashing behaviors</subfield>
  </datafield>
  <datafield tag="260" ind1=" " ind2=" ">
    <subfield code="a">Project Management Journal</subfield>
  </datafield>
  <datafield tag="300" ind1=" " ind2=" ">
    <subfield code="a">53(4), Aug, 2022: p.349-366</subfield>
  </datafield>
  <datafield tag="520" ind1=" " ind2=" ">
    <subfield code="a">Greenwashing behaviors (GWBs) are positive environmental communications in combination with poor environmental performance. Using fraud triangle theory, this study investigated the effects of three types of factors (pressures, opportunities, and rationalizations) that shape contractor GWBs. Primary data from 586 respondents were analyzed using structural equation modeling (SEM) and fuzzy-set qualitative comparative analysis (fsQCA). The SEM results indicate positive effects for these factors with the exception of isomorphic pressures and reveal the mediating role of rationalization. The fsQCA results present three configurational models that trigger GWBs. Theoretical and managerial implications are provided that shed new light on facilitating environmental sustainability in projects.- Reproduced 
</subfield>
  </datafield>
  <datafield tag="650" ind1=" " ind2=" ">
    <subfield code="a">Greenwashing behaviors (GWBs), Fraud triangle theory, Structural equation modelling, Configuration analysis, Environmental sustainability  </subfield>
    <subfield code="9">34358</subfield>
  </datafield>
  <datafield tag="773" ind1=" " ind2=" ">
    <subfield code="a">Project Management Journal</subfield>
  </datafield>
  <datafield tag="906" ind1=" " ind2=" ">
    <subfield code="a">ENVIRONMENT</subfield>
  </datafield>
  <datafield tag="942" ind1=" " ind2=" ">
    <subfield code="c">AR</subfield>
  </datafield>
  <datafield tag="952" ind1=" " ind2=" ">
    <subfield code="0">0</subfield>
    <subfield code="1">0</subfield>
    <subfield code="2">ddc</subfield>
    <subfield code="4">0</subfield>
    <subfield code="7">0</subfield>
    <subfield code="9">395162</subfield>
    <subfield code="a">IIPA</subfield>
    <subfield code="b">IIPA</subfield>
    <subfield code="d">2022-12-15</subfield>
    <subfield code="h">53(4), Aug, 2022: p.349-366</subfield>
    <subfield code="p">AR127671</subfield>
    <subfield code="r">2022-12-15</subfield>
    <subfield code="y">AR</subfield>
  </datafield>
</record>
